| 000 | 00993nam a22002297a 4500 | ||
|---|---|---|---|
| 005 | 20220121123028.0 | ||
| 008 | 191018b mx ||||| |||| 00| 0 spa d | ||
| 020 | _a9786076281499 (El Colegio de México) | ||
| 020 | _a9786076073404 (Universidad Autónoma de Baja California) | ||
| 050 | 0 | 4 |
_aHG2718.B346 _bM46 2017 |
| 100 | 1 | _aMéndez Reyes, Jesús | |
| 245 | 1 | 0 |
_aCapitalizar el campo : _bFinanciamiento y organización rural en México : los inicios del banco nacional de crédito agrícola / _cJesús Méndez Reyes |
| 250 | _aPrimera edición | ||
| 260 |
_aMéxico : _bEl Colegio de México : _bUniversidad Autónoma de Baja California, _c2017 |
||
| 300 |
_a231 páginas ; _c22 cm |
||
| 490 | 0 | _aCentro de Estudios Históricos | |
| 504 | _aBibliografía p. 203-231 | ||
| 610 | 1 | 7 |
_2lemb _aMéxico. _bBanco Nacional de Crédito Agrícola _xHistoria |
| 650 | 7 |
_2lemb _aCrédito rural _zMéxico _xHistoria |
|
| 650 | 7 |
_2lemb _aCrédito agrícola _zMéxico _xHistoria |
|
| 942 |
_2lcc _cLIB |
||
| 999 |
_c152267 _d152265 |
||